True Love - Dove Cameron (Liv and Maddie) - Statistics

General Stats
  • This quiz has been taken 48 times
  • The average score is 317 of 394
Answer Stats
Hint Answer % Correct
i
100%
I
100%
it
94%
it,
94%
love
94%
love,
94%
True
94%
go
91%
go)
91%
had
91%
good luck, gays if
91%
If
91%
let
91%
never
91%
this
91%
time
91%
could
88%
all
84%
all,
84%
all)
84%
back
84%
back,
84%
get
84%
to
84%
To
84%
find
81%
hard
81%
in
81%
knew
81%
so
81%
found
78%
i'd
78%
I'd
78%
(I'd
78%
lost
78%
the
78%
was
78%
corner
75%
inspiration
75%
is
75%
know
75%
looking
75%
then
75%
torture
75%
you
75%
you,
75%
You
75%
an
72%
and
72%
And
72%
around
72%
be
72%
do
72%
maybe
72%
over
72%
position
72%
wouldnt
72%
could've
69%
Could've
69%
(could've
69%
different
69%
here
69%
hurts
69%
live
69%
mine
69%
mine,
69%
right
69%
No
50%
me,
44%
me
44%
now
44%
now,
44%
with
44%
of
41%
how
34%
what
34%
alright
31%
Feeling
31%
my
31%
tonight
31%
wanna
31%
wondering
31%
at
28%
blew
28%
(oh)
28%
secret
28%
they
28%
we'd
28%
as
25%
I'm
25%
such
25%
thing
25%
yeah
25%
forgetting
22%
key
22%
perfection
22%
reflection
22%
forgive
19%
learning
19%
lesson
19%
staring
19%
still
19%
only
6%
No matching quizzes found
Score Distribution
Percent of People with Each Score
Percentile by Number Answered
Your Score History
You have not taken this quiz